|
|
|
|
| LEADER |
00000nam a22000007a 4500 |
| 005 |
20200702011040.0 |
| 007 |
cr|||| |||| |
| 008 |
200702s2015 br |||||s|||| 00||0 por d |
| 020 |
|
|
|a 978-85-8248-057-1
|
| 035 |
|
|
|a 31776
|
| 040 |
|
|
|a vLex
|
| 090 |
|
|
|c 10611
|d 10611
|
| 100 |
1 |
|
|a Hennig Leal, Mn̥ia Clarissa
|
| 245 |
1 |
1 |
|a A Jurisdiȯ̂ Constitucional Brasileira
|h [Recurso electrn̤ico] :
|b Perspectivas e desafios /
|c Mn̥ia Clarissa Hennig Leal, Felipe Dalenogare Alves, Francieli Freitas Meotti
|
| 256 |
|
|
|a Servicio en ln̕ea
|
| 260 |
|
|
|a San Pablo:
|b Letras Jurídicas Editora,
|c 2015
|
| 300 |
|
|
|a 1 recurso electrn̤ico
|
| 506 |
1 |
|
|a Disponible solo en los productos indicados
|d vLex Global
|d vLex Global (Academic Edition, excluding Law Schools)
|d vLex Global (U.S. Academic Edition, Law Schools)
|d vLex Global (U.S. Academic Edition, excluding Law Schools)
|d vLex Global (Academic Edition, Law Schools)
|
| 650 |
0 |
4 |
|a Derecho Constitucional
|z Brasil
|
| 700 |
1 |
|
|a Alves, Felipe Dalenogare
|
| 700 |
1 |
|
|a Meotti, Francieli Freitas
|
| 740 |
0 |
|
|a vLex Libros (Servicio en ln̕ea)
|
| 856 |
4 |
0 |
|u http://vlex.com/source/jurisdi-o-constitucional-brasileira-perspectivas-e-desafios-31776
|z Acceso restringido
|
| 942 |
|
|
|c BOOK
|
| 999 |
0 |
|
|a Constitutional right
|